El proceso de evaluación en la enseñanza-aprendizaje de la Lengua Española del Segundo Ciclo del Nivel Básico en el Centro Educativo Ana Josefa Puello del Distrito 05-02, San Pedro de Macorís, República Dominicana, 2008-2009. (Record no. 2208)

MARC details
000 -LEADER
campo de control de longitud fija 02639nam a2200553Ia 4500
001 - NÚMERO DE CONTROL
campo de control 2350
008 - DATOS DE LONGITUD FIJA--INFORMACIÓN GENERAL
campo de control de longitud fija 241029s9999 xx 000 0 und d
010 ## - NÚMERO DE CONTROL DE LA BIBLIOTECA DEL CONGRESO
Número de control de LC 2208
041 ## - CÓDIGO DE IDIOMA
Código de lengua del texto/banda sonora o título independiente Español
082 ## - NÚMERO DE LA CLASIFICACIÓN DECIMAL DEWEY
Número de clasificación NO APLICA
245 #0 - MENCIÓN DEL TÍTULO
Título El proceso de evaluación en la enseñanza-aprendizaje de la Lengua Española del Segundo Ciclo del Nivel Básico en el Centro Educativo Ana Josefa Puello del Distrito 05-02, San Pedro de Macorís, República Dominicana, 2008-2009.
260 ## - PUBLICACIÓN, DISTRIBUCIÓN, ETC.
Lugar de publicación, distribución, etc. San Pedro de Macorís
300 ## - DESCRIPCIÓN FÍSICA
Extensión 106
520 ## - RESUMEN, ETC.
Sumario, etc. 20
520 ## - RESUMEN, ETC.
Sumario, etc. Se encuestaron cincuenta y un (51) estudiantes y se observaron seis (6) clases de igual número de maestros/as sobre la evaluación del proceso de enseñanza-aprendizaje de la Lengua Española.Los resultados indican que se detectan varias carencias en los elementos y en la forma de aplicar el proceso evaluativo en la Lengua Española. Así como diferencia de percepción entre los maestros y estudiantes, sobre los criterios, técnicas y estrategias de evaluación que se utiliza en el mismo. Además, pudimos constatar que no se integra al alumnado en el proceso de evaluación, muy pocas veces tienen la oportunidad de emitir su opinión o criterio respecto a la evaluación de su aprendizaje. Lo que indica que normalmente el maestro es el único que evalúa y de acuerdo a criterios desconocidos para los estudiantes.Sin embargo, hubo una gran coincidencia en el elevado valor que dichos encuestados dieron a la importancia del conocimiento y participación en el proceso de evaluación.
630 ## - PUNTO DE ACCESO ADICIONAL DE MATERIA--TÍTULO UNIFORME
Título uniforme Centros Educativos
630 ## - PUNTO DE ACCESO ADICIONAL DE MATERIA--TÍTULO UNIFORME
Título uniforme Lenguaje y Lenguas-Enseñanza
630 ## - PUNTO DE ACCESO ADICIONAL DE MATERIA--TÍTULO UNIFORME
Título uniforme Proceso de Enseñanza-Aprendizaje
650 ## - PUNTO DE ACCESO ADICIONAL DE MATERIA--TÉRMINO DE MATERIA
Término de materia o nombre geográfico como elemento de entrada Evaluación
690 ## - PUNTO DE ACCESO ADICIONAL DE MATERIA LOCAL--TÉRMINO DE MATERIA (OCLC, RLIN)
Término de materia o nombre geográfico como elemento inicial Copiado sin cambios
700 ## - ENTRADA AGREGADA--NOMBRE PERSONAL
Término indicativo de función/relación asesor
Nombre de persona Espinal , Olga
700 ## - ENTRADA AGREGADA--NOMBRE PERSONAL
Término indicativo de función/relación autor
Nombre de persona Reyes Diricié , Mercedes
700 ## - ENTRADA AGREGADA--NOMBRE PERSONAL
Término indicativo de función/relación autor
Nombre de persona Silvestre , Julio Antonio
901 ## - ELEMENTOS DE DATOS A LOCAL LDA (RLIN)
a {"1":"Reyes Diricié ","2":"Silvestre "}
b {"1":"Mercedes","2":"Julio Antonio "}
902 ## - ELEMENTOS DE DATOS B LOCAL, LDB (RLIN)
a 1
903 ## - ELEMENTOS DE DATOS C LOCAL, LDC (RLIN)
a {"1":"Espinal "}
b {"1":"Olga"}
904 ## - ELEMENTOS DE DATOS D LOCAL, LDD (RLIN)
a Maestría en
905 ## - ELEMENTOS DE DATOS E LOCAL, LDE (RLIN)
a Lingüística Aplicada
906 ## - ELEMENTOS DE DATOS F LOCAL, LDF (RLIN)
a 1
907 ## - ELEMENTOS DE DATOS G LOCAL, LDG (RLIN)
a con Aplicación a
908 ## - COLOCAR PARÁMETRO DE COMANDO (RLIN)
Colocar parámetro de comando Enseñanza de la Lengua Española
909 ## -
-- ISFODOSU, Recinto Juan Vicente Moscoso
910 ## - DATOS DE OPCIÓN DEL USUARIO (OCLC)
Datos de opción del usuario NULL
-- NULL
911 ## - EQUIVALENCIA O REFERENCIA-CRUZADA-NOMBRE DE CONFERENCIA O REUNIÓN/CONGRESO [LOCAL, CANADÁ]
Nombre de congreso/reunión o jurisdicción como elemento de entrada ["1"]
912 ## -
-- NO APLICA
913 ## -
-- NULL
914 ## -
-- 01 de Diciembre de 2009
915 ## -
-- 10/12/19 10:12
916 ## -
-- NULL
917 ## -
-- NULL
918 ## -
-- NO APLICA
919 ## -
-- ["33","130","163"]
921 ## -
-- 2
922 ## -
-- 2
923 ## -
-- 0
924 ## -
-- NO APLICA
942 ## - ELEMENTOS DE ENTRADA SECUNDARIOS (KOHA)
Tipo de ítem Koha

No items available.

© 2024. Todos los Derechos Reservados. Desarrollado por IDEICE